000 00564nam a22001217a 4500
040 _cRUA
082 _aVEM ING 2025 B705 Or.1
100 _aING SREYNA, អ៊ីង ស្រីណា
245 _aCase of Using The Combination Anesthesia On Spay In Canine At Siem reap Province, ករណីប្រើឳសថសណ្ដំរួមបញ្ចូលគ្នាដើម្បីក្រៀវសុនខីនៅ​ខេត្តសៀមរាប
260 _aPHNOM PENH
_bRUA
_c2025
300 _aXI, 54P.
_bILL.
_c29CM.
942 _cសារណាបទ
999 _c25547
_d25547